000
00185 a2200097 4500
020
_a
087577915142
041
_a
spa
100
_a
Kenah, Katharine
245
_a
Tiempo Salvaje
942
_c
BK
999
_c
6985
_d
6985